| 000 | 00391nam a2200145Ia 4500 | ||
|---|---|---|---|
| 008 | 240624s9999 xx 000 0 und d | ||
| 041 | _aeng | ||
| 082 | _a005.7419 LOO | ||
| 100 | _aLOOMIS MARY E S | ||
| 245 | _aDATA MANAGEMENT AND FILES STRUCTURES | ||
| 250 | _a(2nd ed.) | ||
| 260 |
_c2008 _aNew Delhi _bPrentice-Hall of India |
||
| 300 | _axxii, : 488 : p. : cm. ; 24 | ||
| 365 |
_cRS _b36 |
||
| 999 |
_c10691 _d10691 |
||